| 000 -LEADER |
| fixed length control field |
00569nam a22001937a 4500 |
| 008 - FIXED-LENGTH DATA ELEMENTS--GENERAL INFORMATION |
| fixed length control field |
150701b xxu||||| |||| 00| 0 alb d |
| 020 ## - INTERNATIONAL STANDARD BOOK NUMBER |
| International Standard Book Number |
9789928120991 |
| 041 0# - LANGUAGE CODE |
| Language code of text/sound track or separate title |
alb |
| 080 ## - UNIVERSAL DECIMAL CLASSIFICATION NUMBER |
| Universal Decimal Classification number |
811.18 |
| 100 ## - Rafti |
| Rafti |
Shkurtaj, Gjovalin; |
| 245 ## - TITLE STATEMENT |
| Title |
Si të shkruajmë shqip : |
| Statement of responsibility, etc |
Gjovalin Shkurtaj. |
| 260 ## - |
| -- |
Tiranë : |
| -- |
Toena, |
| -- |
2012. |
| 300 ## - |
| -- |
350 f. ; |
| -- |
23 cm. |
| 650 #0 - |
| -- |
Gjuha shqipe |
| 650 #0 - |
| -- |
Shkrimi akademik |
| 650 #0 - |
| -- |
Drejtshkrimi dhe shqiptimi |
| 650 #0 - |
| -- |
Përdorimi dhe pastërtia e gjuhës |
| 942 ## - ADDED ENTRY ELEMENTS (KOHA) |
| Source of classification or shelving scheme |
|
| Item type |
Books |